Statistiques concernant speed table : 13

Cliquez ici pour prendre le quiz!

Statistiques générales

  • Ce quiz a été pris 43 fois
  • Le résultat moyen est 31 sur 72

Statistiques - réponses

13 x ..=% Correct
921196
83%
24312
83%
34442
83%
771001
67%
971261
67%
991287
67%
27351
67%
46598
67%
55715
67%
66858
67%
861118
50%
881144
50%
981274
50%
21273
50%
22286
50%
28364
50%
31403
50%
32416
50%
38494
50%
39507
50%
41533
50%
42546
50%
43559
50%
44572
50%
45585
50%
53689
50%
57741
50%
61793
50%
63819
50%
68884
50%
71923
50%
781014
33%
791027
33%
811053
33%
821066
33%
831079
33%
841092
33%
851105
33%
871131
33%
911183
33%
931209
33%
941222
33%
951235
33%
961248
33%
23299
33%
25325
33%
26338
33%
29377
33%
33429
33%
35455
33%
36468
33%
37481
33%
48624
33%
49637
33%
51663
33%
52676
33%
54702
33%
56728
33%
58754
33%
62806
33%
64832
33%
65845
33%
67871
33%
69897
33%
72936
33%
73949
33%
74962
33%
75975
33%
891157
17%
47611
17%
59767
17%
76988
17%

Distribution des résultats

Percentile par nombre de réponses

% des personnes avec chaque résultat

Votre développement - résultats

Vous n’avez pas pris ce quiz